Vincitori del Palio della Granocchia - Statistics

Statistiche generali
  • Questo quiz è stato fatto 14 volte
  • Il punteggio medio è 33 su 46
Statistiche sulle risposte
Anno Rione Vincitore % Corretto
1987 P.Grossetana Cristiano Martini - Cracche
100%
2023 P.Grossetana Matteo Martini - Uino
100%
2019 Centro Alessandro Begnardi - Il Begna
80%
2014 P.Senese Davide Draghi - Il Sano
80%
2001 Centro Enrico Rovetini - Ico
80%
2010 Centro Enrico Rovetini - Ico
80%
1986 P.Senese Fabio Vegni
80%
1990 P.Senese Fabio Vegni
80%
1991 P.Senese Fabio Vegni
80%
1994 P.Senese Fabio Vegni
80%
2006 P.Grossetana Gabriele Scozzafava - Scozza
80%
2007 P.Grossetana Gabriele Scozzafava - Scozza
80%
2009 P.Grossetana Gabriele Scozzafava - Scozza
80%
1982 P.Gorella Giorgio Vegni - Rossino
80%
1984 P.Gorella Giorgio Vegni - Rossino
80%
1989 P.Gorella Giorgio Vegni - Rossino
80%
1978 P.Gorella Giuseppe Monni
80%
2011 P.Gorella Jacopo Canocchi - Peddu
80%
2016 P.Grossetana Jacopo Scozzafava - Scozzino
80%
2017 P.Grossetana Jacopo Scozzafava - Scozzino
80%
2015 P.Gorella Marco Bertaccini - Marchino
80%
2024 P.Senese Marco Massai - Massa
80%
2012 Centro Paolo Bartalucci - Paolino
80%
2013 Centro Paolo Bartalucci - Paolino
80%
1977 P.Senese Pietro Orlandi - Awanagana
80%
1979 P.Senese Pietro Orlandi - Awanagana
80%
1980 P.Senese Pietro Orlandi - Awanagana
80%
2003 P.Senese Sandro Benvenuti - Carretta
80%
2004 P.Senese Sandro Benvenuti - Carretta
80%
2018 P.Senese Simone Machetti - Mache
80%
2022 P.Senese Simone Machetti - Mache
80%
1999 P.Senese Fabio Orlandi - Tardelli
60%
1997 P.Grossetana Fabio Steri - Catozzo
60%
1998 P.Grossetana Fabio Steri - Catozzo
60%
2000 P.Grossetana Fabio Steri - Catozzo
60%
1981 Centro Lamberto Scheggi - Toro
60%
2005 P.Gorella Marcello Vincelli - Cello
60%
1983 P.Gorella Marco Guidi - Marchino
60%
1985 P.Gorella Marco Guidi - Marchino
60%
1992 P.Grossetana Massimo Fregoli
60%
1988 Centro Roberto Bellugi - Il Pescatore
60%
1993 P.Gorella Stefano Maggi
60%
2002 P.Gorella Stefano Maggi
60%
1996 P.Senese Massimiliano Perugini - Peru
20%
2008 P.Senese Matteo Minacci
20%
1995 P.Senese Stefano Moscatelli - Mosca
20%
Nessun quiz corrispondente trovato
Distribuzione punteggi
Percentuale di utenti per punteggio
Percentile per numero di risposta
I tuoi punteggi nel tempo
Non hai fatto questo quiz